Первая или Вторая мировая война? - Statistics

General Stats
  • This quiz has been taken 98 times
  • The average score is 16 of 20
Answer Stats
Question Answer % Correct
Убийство эрцгерцога Франца Фердинанда стал причиной начала войны. Первая мировая война
100%
Германия и Япония были союзниками. Вторая мировая война
98%
Холокост стал трагедией этого периода. Вторая мировая война
90%
Бенито Муссолини возглавлял Италию. Вторая мировая война
87%
Битва при Сталинграде была переломной для Восточного фронта. Вторая мировая война
87%
Османская империя контролировала Ближний Восток. Первая мировая война
87%
Лоуренс Аравийский помог арабским племенам восстать против Османской империи. Первая мировая война
86%
Георгий Жуков командовал битвой за Берлин. Вторая мировая война
86%
Атомные бомбы были сброшены на Хиросиму и Нагасаки. Вторая мировая война
86%
Версальский договор завершил войну. Первая мировая война
84%
Россия участвовала на стороне Антанты. Первая мировая война
84%
Подписан Брест-Литовский мир. Первая мировая война
83%
Владимир Ленин возглавил большевиков в России. Первая мировая война
82%
Германия захватила Париж. Вторая мировая война
80%
Японская армия напала на Манчжурию. Вторая мировая война
74%
Бомбардировки Дрездена союзниками. Вторая мировая война
70%
Французские войска потеряли миллионы солдат. Первая мировая война
64%
Германия использовала воздушные дирижабли для разведки. Первая мировая война
64%
Манфред фон Рихтгофен погиб в воздушном бою. Первая мировая война
60%
Танк впервые активно применялся на поле боя. Первая мировая война
57%
No matching quizzes found
Score Distribution
Percent of People with Each Score
Percentile by Number Answered
Your Score History
You have not taken this quiz